Hiszpanie z Trzema Trofeami (2008-2012) - Statystyki

Ogólne statystyki
  • Ten quiz został rozwiązany 64 razy
  • Średni wynik to 7 z 9
Statystyki odpowiedzi
Pozycja Zawodnik % Poprawnych
ŚP Andres Iniesta
96%
BR Iker Casillas
96%
ŚO Sergio Ramos
95%
ŚP Xavi Hernandez
95%
N Fernando Torres
93%
ŚP Xabi Alonso
74%
ŚP Cesc Fabregas
60%
ŚP David Silva
58%
PO Alvaro Arbeloa
39%
Nie znaleziono quizów pasujących do podanych kryteriów
Rozkład punktacji
Procent ludzi z każdym wynikiem
Percentyl według liczby udzielonych odpowiedzi
Twoja historia wyników
Nie rozwiązałeś tego quizu